Responses for Show #9082 - Tuesday, April 16, 2024

Alison Betts game 4.

Contestants

[<< previous game]

Eric Reimund, a substitute teacher originally from Collegeville, Pennsylvania

Veronica Tabor, a study abroad advisor from Ann Arbor, Michigan

Alison Betts, a writer and creative executive originally from San Jose, California (whose 3-day cash winnings total $97,500)

[next game >>]

Jeopardy! Round responses

LIVED PAST 100
THE MOVIES
PAGING THE FICTIONAL DRIVER
DON'T EAT THAT!
COUNTRIES OF THE WORLD
JUST FOR FUN "Z"s
    $200 26
Rage Against the Machine

Eric
    $200 28
When Harry Met Sally...

Alison
    $200 19
Gatsby

Veronica
    $200 24
dirt

Alison
    $200 18
Haiti

Alison
    $200 30
(Veronica: What is a zipper?)

a zip line

AlisonVeronica
    $400 27
the "Queen Mum"

Alison
    $400 29
(Alison: Bring it, please.)

Are You There God? It's Me, Margaret.

Alison
    $400 20
the rain

Veronica
    $400 25
(Veronica: What is a duck?)

crow

Veronica
Triple Stumper
    $400 17
Spain & Morocco

Veronica
    $400 11
a Zamboni

Eric
    $600 5
(Norman) Lear

Alison
    $600 12
The 40-Year-Old Virgin

Alison
    $600 21
Christine

Veronica
    $600 16
clocks

Veronica
    $2,000 15
Saudi Arabia

Alison
    $600 10
Zelda

Veronica
    $800 3
Henry Kissinger

Eric
    $800 13
(Ken: Oh, no, what is [*]?)

Beetlejuice

Triple Stumper
    $800 22
Spenser

Triple Stumper
    $800 6
(Veronica: What are candles?)
(Ken: No, I'm sorry, but don't eat those either.)
[Laughter]

crayons

Veronica
Triple Stumper
    $800 1
Sri Lanka

Veronica
    $800 8
the Zombie

Triple Stumper
    $1000 4
Grandma Moses

Alison
    $1000 14
Blue Hawaii

Alison
    $1000 23
On the Road

Triple Stumper
    $1000 7
(Ken: You don't want to eat [*].)

Humble Pie

Triple Stumper
    $1000 2
(Veronica: What is Mexico?)

Guatemala

AlisonVeronica
    $1000 9
(Eric: What is honky tonk?)
(Alison: What is zyteco?)
...
(Ken: You were one letter away, Alison, it's a D.)

zydeco

AlisonEric
Triple Stumper

Scores at the first commercial break (after clue 15):

Alison Veronica Eric
$5,200 -$400 $200

Scores at the end of the Jeopardy! Round:

Alison Veronica Eric
$6,800 $1,200 $400

Double Jeopardy! Round responses

VAL, HISTORY'S CLUMSIEST TIME TRAVELER
SIBLINGS IN POP CULTURE
MAKING NOISE
SAY IT IN SPANISH
LAND OF MILK & HONEY
A "M"EDICAL DICTIONARY
    $400 23
Joan of Arc

Eric
    $400 30
Mary-Kate & Ashley Olsen

Eric
    $400 29
ice

Veronica
    $400 27
rojo

Eric
    $400 28
(Alison: What is France?)

Switzerland

AlisonEric
    $400 26
migraine

Alison
    $800 22
Grenada

Alison
    $800 17
the Coen brothers

Eric
    $800 24
Long Island

Alison
    $800 8
Tia

Alison
    $800 25
(Veronica: What is a green place?)
(Eric: What is a golden... place?)

a blue zone

VeronicaEric
Triple Stumper
    $2,400 4
(Ken: You managed to keep Alison from finding it; that's already a win.)

the mumps

Eric
    $1200 18
the Valley of the Kings

Alison
    $1200 16
Stranger Things

Veronica
    $1200 9
(Veronica: What is a mongoose?)
(Eric: What's a capybara?)
(Ken: Alison?)
(Alison: I'll pass.)

the giant river otter

VeronicaEric
Triple Stumper
    $1200 5
arroz con pollo

Eric
    $1200 12
Dubai

Veronica
    $1200 1
a motor neuron

Alison
    $1600 19
1666

Eric
    $1600 15
Jake & Maggie Gyllenhaal

Eric
    $1600 10
clogging

Triple Stumper
    $4,000 6
(Ken: Eric?)
(Eric: Uh... [*].)
[Laughter]
(Ken: I'm sorry, you didn't answer in the form of a question by the time you ran out of time.)

Burrito

Eric
    $1600 13
(Ken: This stumped me as well.)

Manuka honey

Triple Stumper
    $1600 2
the malleus

Alison
    $2000 21
John Kennedy

Eric
    $2000 14
(Ken: I now feel 200 years old, but there was a movie...)

Land of the Lost

Triple Stumper
    $2000 11
(Veronica: What is mezzo-forte?)

fortissimo

VeronicaEric
    $2000 7
Yo La Tengo

Eric
    $2000 20
(Alison: What is a yak?)

a water buffalo

Alison
Triple Stumper
    $2000 3
a macrophage

Eric

Scores at the end of the Double Jeopardy! Round:

Alison Veronica Eric
$11,200 $0 $11,600

[wagering suggestions for these scores]

Final Jeopardy! Round responses

WORDS & THEIR MEANINGS
(Ken: [To Eric] "What is the"...)
(Eric: [Chuckles] Himalayas.)
(Ken: Himalayas? No; no, this is, I believe, the first incidence of someone calling a high-level conference a [*]--"a parley at [*]".)
...
[The audience gasps when Eric's wager is revealed.]
...
(Alison: [To Eric] You were so good.)
AlisonWhat Yalta ♡ OJE
$1,000
EricWhat is the himeleas
$11,599
the summit

Final scores:

Alison Veronica Eric
$10,200 $0 $1
4-day champion: $107,700 3rd place: $2,000 2nd place: $3,000

Game dynamics:

Coryat scores:

Alison Veronica Eric
$9,800 $0 $14,000
19 R
(including 1 DD),
3 W
10 R,
7 W
16 R
(including 1 DD),
4 W
(including 1 DD)

Combined Coryat: $23,800

[game clues] [game scores] [suggest correction]

Game tape date: 2024-03-12
The J! Archive is created by fans, for fans. Scraping, republication, monetization, and malicious use prohibited; this site may use cookies and collect identifying information. See terms. The Jeopardy! game show and all elements thereof, including but not limited to copyright and trademark thereto, are the property of Jeopardy Productions, Inc. and are protected under law. This website is not affiliated with, sponsored by, or operated by Jeopardy Productions, Inc. Join the discussion at JBoard.tv.